[Event "GRE-chT 50th"]
[Site "Nikaia"]
[Date "2023.08.29"]
[Round "6.9"]
[White "Karamichos, Michail"]
[Black "Merkos, Thomas"]
[Result "1/2-1/2"]
[WhiteElo "1903"]
[BlackElo "1860"]
[PlyCount "99"]
[EventDate "2023.08.25"]
[EventType "team"]
[EventRounds "9"]
[EventCountry "GRE"]
[SourceTitle "EXT 2024"]
[Source "ChessBase"]
[SourceDate "2023.10.10"]
[SourceVersion "1"]
[SourceVersionDate "2023.10.10"]
[SourceQuality "1"]
[WhiteTeam "Amo Galaxias"]
[BlackTeam "Phisiolatris"]
[WhiteTeamCountry "GRE"]
[BlackTeamCountry "GRE"]

1. Nf3 d5 2. g3 e6 3. Bg2 Nf6 4. c4 dxc4 5. Qa4+ Bd7 6. Qxc4 c5 7. Nc3 Bc6 8. 0-0 Nbd7 9. e4 Rc8 10. Qe2 Be7 11. d4 cxd4 12. Nxd4 e5 13. Nf5 0-0 14. Nxe7+ Qxe7 15. Rd1 Rfd8 16. Be3 b6 17. Rac1 Bb7 18. Nd5 Nxd5 19. Rxc8 Rxc8 20. exd5 Qd6 21. f4 Nf6 22. fxe5 Qxe5 23. Qd2 Rd8 24. Bd4 Qd6 25. Bxf6 Qxf6 26. d6 Bxg2 27. Qxg2 g6 28. d7 Qe6 29. Qd2 Kg7 30. b3 Qe5 31. b4 Qe6 32. Qd4+ Qf6 33. Qd5 Qe6 34. Qd4+ Qf6 35. Qc4 Qe6 36. Qc3+ Qf6 37. Qc7 Qe7 38. Kf2 Qf6+ 39. Kg2 Qe7 40. Qc3+ Qf6 41. Qd2 Qe6 42. h4 h5 43. Kh2 Qe7 44. a4 Qe6 45. a5 Qe7 46. axb6 axb6 47. b5 Qe5 48. Qd3 Qb2+ 49. Rd2 Qe5 50. Kg2 1/2-1/2

[Event "GRE-chT U16 14th"]
[Site "Rio Achaia"]
[Date "2022.12.16"]
[Round "3"]
[White "Misthos, Alexandros"]
[Black "Karamichos, Michail"]
[Result "0-1"]
[WhiteElo "1397"]
[BlackElo "1935"]
[PlyCount "74"]
[EventDate "2022.12.15"]
[EventType "team-swiss"]
[EventRounds "6"]
[EventCountry "GRE"]
[SourceTitle "EXT 2024"]
[Source "ChessBase"]
[SourceDate "2023.10.10"]
[SourceVersion "1"]
[SourceVersionDate "2023.10.10"]
[SourceQuality "1"]

1. d4 Nf6 2. Nf3 e6 3. e3 c5 4. Bd3 cxd4 5. exd4 b6 6. 0-0 Bb7 7. c4 Be7 8. Nc3 0-0 9. d5 exd5 10. cxd5 d6 11. Rb1 Nbd7 12. b4 Re8 13. Bf4 a6 14. Qb3 Rc8 15. Nd4 Ne5 16. Bf5 Rc7 17. Rfe1 Bf8 18. Rbd1 Qa8 19. Nc2 Rxc3 20. Qxc3 Nxd5 21. Qh3 g6 22. Bxe5 Rxe5 23. Rxe5 dxe5 24. Be4 Nf4 25. Qh4 Bxe4 26. Rd8 Qc6 27. Ne3 Bxg2 28. h3 Bf3 29. Qh6 Ne6 30. Rb8 Qc1+ 31. Kh2 Qc7 32. Re8 e4+ 33. Kg1 Qc1+ 34. Kh2 Qh1+ 35. Kg3 Qg1+ 36. Kh4 g5+ 37. Qxg5+ Qxg5# 0-1

[Event "GRE-chT U16 14th"]
[Site "Rio Achaia"]
[Date "2022.12.15"]
[Round "1"]
[White "Tzatzimakis, Theodoros"]
[Black "Karamichos, Michail"]
[Result "0-1"]
[WhiteElo "1227"]
[BlackElo "1935"]
[PlyCount "94"]
[EventDate "2022.12.15"]
[EventType "team-swiss"]
[EventRounds "6"]
[EventCountry "GRE"]
[SourceTitle "EXT 2024"]
[Source "ChessBase"]
[SourceDate "2023.10.10"]
[SourceVersion "1"]
[SourceVersionDate "2023.10.10"]
[SourceQuality "1"]

1. d4 Nf6 2. c4 e6 3. Nc3 Bb4 4. Qc2 0-0 5. Bg5 h6 6. Bh4 d6 7. Nf3 Nbd7 8. e3 e5 9. Be2 Bxc3+ 10. Qxc3 e4 11. Nd2 Re8 12. 0-0 Qe7 13. Bd1 g5 14. Bg3 Nf8 15. Bc2 N8h7 16. d5 Bg4 17. h3 Be2 18. Rfe1 Bh5 19. Bd1 Bg6 20. Rf1 Nf8 21. Bh2 N8d7 22. Ba4 a6 23. Rae1 b5 24. Bb3 Nc5 25. Bc2 bxc4 26. Qxc4 a5 27. Nb3 Ncd7 28. Rd1 Nb6 29. Qb5 Reb8 30. Qc6 a4 31. Na1 Ra5 32. Qc3 Rxd5 33. Rxd5 Nbxd5 34. Qd4 Rb4 35. Qa7 Rxb2 36. Qxa4 Rb8 37. Bb3 Nb6 38. Qc6 Rc8 39. Rc1 Bf5 40. Qc3 Nfd7 41. Qc6 Nc5 42. Qb5 Bd7 43. Qe2 Nd3 44. Rc3 c5 45. Bc4 Qf6 46. Qc2 Nxc4 47. Rxc4 Qxa1+ 0-1

[Event "GRE-ch U20"]
[Site "Trikala"]
[Date "2022.08.27"]
[Round "4"]
[White "Tsarsitalidis, Christos"]
[Black "Karamichos, Michail"]
[Result "0-1"]
[WhiteElo "1896"]
[BlackElo "1848"]
[PlyCount "110"]
[EventDate "2022.08.25"]
[EventType "swiss"]
[EventRounds "9"]
[EventCountry "GRE"]
[SourceTitle "CBM 210 Extra"]
[Source "ChessBase"]
[SourceDate "2022.11.30"]
[SourceVersion "1"]
[SourceVersionDate "2022.11.30"]
[SourceQuality "1"]

1. e4 e5 2. Nf3 Nc6 3. Bc4 Nf6 4. d4 exd4 5. e5 d5 6. Bb5 Nd7 7. Bxc6 bxc6 8. 0-0 Be7 9. Nxd4 Nb8 10. Nc3 c5 11. Nb3 c6 12. f4 0-0 13. f5 Nd7 14. Bf4 f6 15. Nxd5 Nxe5 16. Nxe7+ Qxe7 17. Be3 Rd8 18. Qe2 c4 19. Nc5 Rd5 20. Ne4 Nf7 21. Ng3 c3 22. bxc3 Ba6 23. Qxa6 Qxe3+ 24. Kh1 Ne5 25. c4 Rd4 26. Rae1 Qh6 27. Ne4 Qh4 28. g3 Qh3 29. Nf2 Qxf5 30. Nd3 Qh3 31. Qb7 Rad8 32. Rf2 R4d7 33. Qb3 Nxd3 34. c5+ Kf8 35. cxd3 Rxd3 36. Qa4 Qd7 37. Kg1 Rd1 38. Qb4 Rxe1+ 39. Qxe1 Qd4 40. Qa5 Rd7 41. Qa6 Qd1+ 42. Rf1 Qd5 43. Rf2 Re7 44. Qa5 Rb7 45. Qe1 Qxc5 46. Qe2 Re7 47. Qd2 Qd5 48. Qc3 Qe4 49. Qb3 Qd4 50. Qb8+ Re8 51. Qb1 Re2 52. Qb8+ Kf7 53. Qb3+ Kg6 54. Qb1+ Kh6 55. Qc1+ g5 0-1

[Event "GRE-ch U20"]
[Site "Trikala"]
[Date "2022.08.26"]
[Round "3"]
[White "Karamichos, Michail"]
[Black "Bardis, Harilaos Panagiotis"]
[Result "1-0"]
[WhiteElo "1848"]
[BlackElo "1928"]
[PlyCount "61"]
[EventDate "2022.08.25"]
[EventType "swiss"]
[EventRounds "9"]
[EventCountry "GRE"]
[SourceTitle "CBM 210 Extra"]
[Source "ChessBase"]
[SourceDate "2022.11.30"]
[SourceVersion "1"]
[SourceVersionDate "2022.11.30"]
[SourceQuality "1"]

1. e4 c5 2. Nf3 d6 3. Bb5+ Nd7 4. d4 cxd4 5. Qxd4 a6 6. Bxd7+ Bxd7 7. Nc3 e5 8. Qd3 h6 9. 0-0 Nf6 10. a4 Be7 11. Nd2 Rc8 12. Rd1 Bg4 13. f3 Be6 14. Nf1 Qb6+ 15. Ne3 d5 16. Ncxd5 Nxd5 17. exd5 Bxd5 18. a5 Qa7 19. Qf5 Be6 20. Qxe5 Bf6 21. Qe4 0-0 22. Kh1 Rfd8 23. Rd3 Re8 24. Qb4 Bf5 25. Nxf5 Rc4 26. Qd2 Rxc2 27. Ne7+ Rxe7 28. Rd8+ Kh7 29. Qxc2+ g6 30. Bf4 Re6 31. Rd7 1-0

[Event "GRE-ch U16"]
[Site "Thessaloniki"]
[Date "2022.08.23"]
[Round "8"]
[White "Karamichos, Michail"]
[Black "Papadopoulos, Filippos"]
[Result "1/2-1/2"]
[WhiteElo "1848"]
[BlackElo "1635"]
[PlyCount "72"]
[EventDate "2022.08.18"]
[EventType "swiss"]
[EventRounds "9"]
[EventCountry "GRE"]
[SourceTitle "EXT 2023"]
[Source "ChessBase"]
[SourceDate "2022.10.05"]
[SourceVersion "1"]
[SourceVersionDate "2022.10.05"]
[SourceQuality "1"]

1. d4 Nf6 2. Nc3 d5 3. Bf4 g6 4. e3 Bg7 5. h4 h5 6. Nb5 Na6 7. Nf3 Bg4 8. Be2 Nd7 9. Ne5 Bxe2 10. Qxe2 c6 11. Nc3 Nxe5 12. Bxe5 Bxe5 13. dxe5 Qc7 14. f4 Nc5 15. 0-0 Ne6 16. Qf3 Ng7 17. e4 dxe4 18. Nxe4 Nf5 19. e6 Qb6+ 20. Kh2 fxe6 21. Ng5 0-0-0 22. Nf7 Ne3 23. Nxh8 Rxh8 24. Qe4 e5 25. Qxg6 Ng4+ 26. Kh1 Rf8 27. Qxh5 Nf2+ 28. Rxf2 Qxf2 29. fxe5 Rf4 30. Qe8+ Kc7 31. Qxe7+ Kc8 32. Qe6+ Kc7 33. Qd6+ Kc8 34. Qe6+ Kc7 35. Qe7+ Kc8 36. Qe8+ Kc7 1/2-1/2

[Event "GRE-ch U16"]
[Site "Thessaloniki"]
[Date "2022.08.21"]
[Round "6"]
[White "Karamichos, Michail"]
[Black "Georgiadis, Athanasios Kat"]
[Result "1/2-1/2"]
[WhiteElo "1848"]
[BlackElo "1694"]
[PlyCount "71"]
[EventDate "2022.08.18"]
[EventType "swiss"]
[EventRounds "9"]
[EventCountry "GRE"]
[SourceTitle "EXT 2023"]
[Source "ChessBase"]
[SourceDate "2022.10.05"]
[SourceVersion "1"]
[SourceVersionDate "2022.10.05"]
[SourceQuality "1"]

1. d4 Nf6 2. Bf4 g6 3. Nc3 d5 4. e3 Bg7 5. h4 h5 6. Nf3 0-0 7. Be2 c5 8. Ne5 Nc6 9. Qd2 Qa5 10. f3 cxd4 11. exd4 Nd7 12. Nxd7 Bxd7 13. Bh6 Bxh6 14. Qxh6 Nxd4 15. Bd3 Bf5 16. 0-0-0 Bxd3 17. Rxd3 Nf5 18. Qg5 e6 19. g4 Ng7 20. Rxd5 exd5 21. Nxd5 f5 22. Ne7+ Kf7 23. Qxg6+ Kxe7 24. Qxg7+ Rf7 25. Qg5+ Rf6 26. Qg7+ Rf7 27. Qg5+ Ke6 28. Qg6+ Rf6 29. gxf5+ Qxf5 30. Re1+ Kd6 31. Qg7 Rc8 32. Rd1+ Ke5 33. Qe7+ Re6 34. Qg7+ Rf6 35. Qe7+ Re6 36. Qg7+ 1/2-1/2

[Event "GRE-ch U16"]
[Site "Thessaloniki"]
[Date "2022.08.20"]
[Round "4"]
[White "Karamichos, Michail"]
[Black "Stefanou, Dimitrios"]
[Result "0-1"]
[WhiteElo "1848"]
[BlackElo "2244"]
[PlyCount "40"]
[EventDate "2022.08.18"]
[EventType "swiss"]
[EventRounds "9"]
[EventCountry "GRE"]
[SourceTitle "EXT 2023"]
[Source "ChessBase"]
[SourceDate "2022.10.05"]
[SourceVersion "1"]
[SourceVersionDate "2022.10.05"]
[SourceQuality "1"]

1. d4 Nf6 2. Nc3 d5 3. Bf4 g6 4. Qd2 Bg7 5. Bh6 0-0 6. Bxg7 Kxg7 7. 0-0-0 c5 8. e3 Qa5 9. Kb1 Nc6 10. f3 Rd8 11. g4 e5 12. dxe5 Nxe5 13. g5 Nh5 14. f4 Nc6 15. Nxd5 Rxd5 16. Qxd5 Be6 17. Qe4 Rd8 18. Bd3 Bxa2+ 19. Kc1 Bd5 20. b4 Qa3+ 0-1

[Event "GRE-chT 49th"]
[Site "Thessaloniki"]
[Date "2022.08.17"]
[Round "7.4"]
[White "Trapalis, Theodoros"]
[Black "Karamichos, Michail"]
[Result "1/2-1/2"]
[WhiteElo "1811"]
[BlackElo "1848"]
[PlyCount "61"]
[EventDate "2022.08.12"]
[EventType "team-swiss"]
[EventRounds "7"]
[EventCountry "GRE"]
[SourceTitle "CBM 209 Extra"]
[Source "ChessBase"]
[SourceDate "2022.09.30"]
[SourceVersion "1"]
[SourceVersionDate "2022.09.30"]
[SourceQuality "1"]
[WhiteTeam "Piraikos"]
[BlackTeam "Amo Galaxias"]
[WhiteTeamCountry "GRE"]
[BlackTeamCountry "GRE"]

1. Nf3 Nf6 2. b3 d5 3. d4 c6 4. Bb2 Bg4 5. e3 e6 6. Be2 Nbd7 7. 0-0 Bd6 8. Ne5 Bxe2 9. Qxe2 Qc7 10. f4 Ne4 11. Nd2 Nxd2 12. Qxd2 0-0 13. c4 f5 14. Nxd7 Qxd7 15. Qe2 Rf6 16. Rf3 Rh6 17. Rg3 Kh8 18. Rg5 Be7 19. Rh5 Rxh5 20. Qxh5 g6 21. Qe2 Rg8 22. g3 h6 23. h4 Rg7 24. Kf2 Kg8 25. Rh1 h5 26. c5 Kf7 27. b4 Rg8 28. Rb1 Rb8 29. Bc3 b5 30. a4 a6 31. a5 1/2-1/2

[Event "GRE-chT 49th"]
[Site "Thessaloniki"]
[Date "2022.08.13"]
[Round "2.6"]
[White "Karamichos, Michail"]
[Black "Giannopoulos, Vasileios"]
[Result "1-0"]
[WhiteElo "1848"]
[BlackElo "1425"]
[PlyCount "75"]
[EventDate "2022.08.12"]
[EventType "team-swiss"]
[EventRounds "7"]
[EventCountry "GRE"]
[SourceTitle "CBM 209 Extra"]
[Source "ChessBase"]
[SourceDate "2022.09.30"]
[SourceVersion "1"]
[SourceVersionDate "2022.09.30"]
[SourceQuality "1"]
[WhiteTeam "Amo Galaxias"]
[BlackTeam "Larisas"]
[WhiteTeamCountry "GRE"]
[BlackTeamCountry "GRE"]

1. d4 Nf6 2. Nf3 d6 3. Bg5 Bf5 4. Nbd2 h6 5. Bxf6 exf6 6. e4 Bh7 7. Bd3 d5 8. 0-0 Be7 9. c3 0-0 10. Qc2 c6 11. Rfe1 Nd7 12. exd5 Bxd3 13. Qxd3 cxd5 14. Nh4 Re8 15. Nf5 Bf8 16. Qb5 Rxe1+ 17. Rxe1 Nb6 18. a4 a5 19. Nb3 Nc4 20. Nc5 g6 21. Ne3 b6 22. Nd3 Nxe3 23. Rxe3 Bd6 24. g3 Bc7 25. Ne1 Kg7 26. Nc2 f5 27. f4 g5 28. Rf3 gxf4 29. gxf4 Bxf4 30. Qf1 Bg5 31. Rxf5 Qd7 32. Qf3 Rg8 33. Qxd5 Qa7 34. Kh1 f6 35. Qc6 Qe7 36. Rf1 Kh8 37. Re1 Qf7 38. Qe4 1-0

[Event "GRE-chT 49th"]
[Site "Thessaloniki"]
[Date "2022.08.12"]
[Round "1.7"]
[White "Skembris, Simon Max"]
[Black "Karamichos, Michail"]
[Result "0-1"]
[WhiteElo "1596"]
[BlackElo "1848"]
[PlyCount "68"]
[EventDate "2022.08.12"]
[EventType "team-swiss"]
[EventRounds "7"]
[EventCountry "GRE"]
[SourceTitle "CBM 209 Extra"]
[Source "ChessBase"]
[SourceDate "2022.09.30"]
[SourceVersion "1"]
[SourceVersionDate "2022.09.30"]
[SourceQuality "1"]
[WhiteTeam "Kerkeras"]
[BlackTeam "Amo Galaxias"]
[WhiteTeamCountry "GRE"]
[BlackTeamCountry "GRE"]

1. e4 e5 2. Nf3 Nc6 3. Nc3 Nf6 4. d4 Bb4 5. Nxe5 Qe7 6. Qd3 Nxe5 7. dxe5 Qxe5 8. Bd2 d6 9. 0-0-0 0-0 10. a3 Bc5 11. f4 Qe7 12. h3 a5 13. g4 c6 14. g5 Nd7 15. h4 b5 16. Ne2 Nb6 17. f5 b4 18. Qf3 bxa3 19. b3 a2 20. Kb2 a4 21. f6 Qb7 22. fxg7 Re8 23. Ng3 axb3 24. cxb3 Bd4+ 25. Kc2 a1Q 26. Rxa1 Rxa1 27. Nh5 Qa7 28. Nf6+ Bxf6 29. Qxf6 Qa2+ 30. Kc3 Be6 31. Bd3 Qxb3+ 32. Kd4 Rxh1 33. Bc3 Rh3 34. e5 Qd5# 0-1

[Event "Thessaloniki op 1st"]
[Site "Thessaloniki"]
[Date "2022.08.05"]
[Round "4"]
[White "Karamichos, Michail"]
[Black "Sougakis, Anthimos"]
[Result "0-1"]
[WhiteElo "1848"]
[BlackElo "2060"]
[PlyCount "126"]
[EventDate "2022.08.03"]
[EventType "swiss"]
[EventRounds "9"]
[EventCountry "GRE"]
[SourceTitle "CBM 209 Extra"]
[Source "ChessBase"]
[SourceDate "2022.09.30"]
[SourceVersion "1"]
[SourceVersionDate "2022.09.30"]
[SourceQuality "1"]

1. Nf3 d5 2. g3 c5 3. Bg2 Nc6 4. d4 e6 5. 0-0 Nf6 6. c4 Be7 7. dxc5 Bxc5 8. a3 0-0 9. b4 Be7 10. Nbd2 b6 11. Bb2 Bb7 12. cxd5 Nxd5 13. e4 Nf6 14. Qe2 Qd7 15. b5 Na5 16. Ne5 Qe8 17. Rac1 Rc8 18. Rxc8 Qxc8 19. Rc1 Qa8 20. g4 Rc8 21. Rxc8+ Qxc8 22. g5 Ne8 23. Qe3 Nd6 24. Bf1 Qc2 25. Qd4 Ne8 26. h4 f6 27. Nef3 Kf8 28. Bd3 Qc7 29. Qe3 Bc5 30. Qe2 Qg3+ 31. Kf1 Qh3+ 32. Ke1 e5 33. Nf1 Qh1 34. Kd2 Nd6 35. Ng3 Qg2 36. Ke1 Nb3 37. Bc2 Na5 38. a4 Bb4+ 39. Kd1 Nac4 40. Bc1 f5 41. Ne1 Qg1 42. Nf1 fxe4 43. Bd2 Ba3 44. Bc1 Bb4 45. Bd2 Ba3 46. Bc1 Bc5 47. Be3 Nb2+ 48. Kc1 Ba3 49. Kb1 Bd5 50. Nd2 Nd3 51. Bxd3 exd3 52. Qd1 Bb4 53. Qc1 Bxd2 54. Bxd2 Qxf2 55. Qa3 Qc5 56. Qa1 Nc4 57. Qc3 Nxd2+ 58. Qxd2 e4 59. Qf4+ Kg8 60. Qd2 e3 61. Qxd3 Qb4+ 62. Ka1 Qxe1+ 63. Kb2 Qd2+ 0-1

[Event "Novi Sad Serbia op-B"]
[Site "Novi Sad"]
[Date "2022.06.29"]
[Round "2"]
[White "Karamichos, Michail"]
[Black "Ujhazi, Ivan"]
[Result "0-1"]
[WhiteElo "1839"]
[BlackElo "2136"]
[PlyCount "130"]
[EventDate "2022.06.28"]
[EventType "swiss"]
[EventRounds "9"]
[EventCountry "SRB"]
[SourceTitle "EXT 2023"]
[Source "ChessBase"]
[SourceDate "2022.10.05"]
[SourceVersion "1"]
[SourceVersionDate "2022.10.05"]
[SourceQuality "1"]

1. e4 c5 2. Nf3 Nc6 3. Bb5 g6 4. 0-0 Bg7 5. c3 Nf6 6. Re1 0-0 7. d4 Qb6 8. Bxc6 dxc6 9. e5 Nd5 10. h3 Bf5 11. Nbd2 Rad8 12. Nb3 cxd4 13. Nbxd4 Bc8 14. Qe2 c5 15. Nc2 Bf5 16. Rd1 Qc7 17. Nce1 Rd7 18. c4 Nb4 19. Bf4 Rxd1 20. Rxd1 Nxa2 21. g4 Be6 22. Ra1 Nb4 23. Rxa7 Na6 24. Qe4 Rb8 25. Nd3 Qb6 26. Rxa6 bxa6 27. Be3 Qb7 28. Qf4 Qb3 29. Nxc5 Qxc4 30. Nd4 Qxc5 31. Nxe6 Qxe5 32. Nxg7 Qxf4 33. Bxf4 Rb4 34. Be5 Rb3 35. Ne8 f6 36. Bc3 Rb7 37. Ba5 Rxb2 38. Nc7 Kf7 39. Kf1 e5 40. Ke1 Ra2 41. Bd2 f5 42. gxf5 gxf5 43. Kd1 Kg6 44. Nd5 Ra1+ 45. Ke2 Rh1 46. Nb4 Rxh3 47. Nxa6 Ra3 48. Nb4 h5 49. Kf1 f4 50. Kg2 Rb3 51. Nc6 Kf5 52. Ba5 Ra3 53. Bb4 Ra2 54. Be7 e4 55. Nd4+ Kg4 56. Kf1 h4 57. Nb5 h3 58. Kg1 h2+ 59. Kxh2 Rxf2+ 60. Kg1 Rb2 61. Nd4 Rb1+ 62. Kf2 e3+ 63. Ke2 Rb2+ 64. Kf1 f3 65. Bh4 Rh2 0-1

[Event "GRE-ch Schools Gym-C"]
[Site "Athen"]
[Date "2022.06.13"]
[Round "8"]
[White "Karamichos, Michail"]
[Black "Paraschou, Iason"]
[Result "1-0"]
[WhiteElo "1839"]
[BlackElo "1106"]
[PlyCount "47"]
[EventDate "2022.06.12"]
[EventType "swiss"]
[EventRounds "9"]
[EventCountry "GRE"]
[SourceTitle "EXT 2023"]
[Source "ChessBase"]
[SourceDate "2022.10.05"]
[SourceVersion "1"]
[SourceVersionDate "2022.10.05"]
[SourceQuality "1"]

1. d4 f5 2. Bg5 c6 3. Nc3 Qb6 4. Rb1 d5 5. e3 g6 6. h4 h6 7. Bf4 Nf6 8. Nf3 Nbd7 9. Bd3 e6 10. Ne5 Nxe5 11. Bxe5 Bg7 12. g4 0-0 13. gxf5 exf5 14. Ne2 Be6 15. Nf4 Bf7 16. h5 g5 17. Ng6 Bxg6 18. hxg6 Rae8 19. Bxf5 c5 20. c3 Ne4 21. Bxe4 dxe4 22. dxc5 Qxc5 23. Qb3+ Kh8 24. Rxh6# 1-0

[Event "GRE-ch Schools Gym-C"]
[Site "Athen"]
[Date "2022.06.13"]
[Round "7"]
[White "Zouroufidis, Konstantinos"]
[Black "Karamichos, Michail"]
[Result "0-1"]
[WhiteElo "1220"]
[BlackElo "1839"]
[PlyCount "96"]
[EventDate "2022.06.12"]
[EventType "swiss"]
[EventRounds "9"]
[EventCountry "GRE"]
[SourceTitle "EXT 2023"]
[Source "ChessBase"]
[SourceDate "2022.10.05"]
[SourceVersion "1"]
[SourceVersionDate "2022.10.05"]
[SourceQuality "1"]

1. e4 e5 2. Nf3 Nc6 3. Bc4 Nf6 4. d4 exd4 5. 0-0 Nxe4 6. Nc3 Nxc3 7. Re1+ Be7 8. bxc3 d5 9. Bb3 0-0 10. cxd4 Bg4 11. c3 Bf6 12. h3 Bf5 13. Bf4 h6 14. Be5 Bxe5 15. Nxe5 Nxe5 16. Rxe5 Be6 17. Qd3 Qd6 18. Rae1 Rae8 19. Bc2 g6 20. Qg3 Kg7 21. h4 Bd7 22. h5 Rxe5 23. Rxe5 Re8 24. hxg6 fxg6 25. f4 Rxe5 26. fxe5 Qe6 27. Kf1 Qf7+ 28. Ke2 c6 29. Bd3 Bf5 30. Qf3 Bxd3+ 31. Qxd3 Qf4 32. Qf3 Qxf3+ 33. Kxf3 Kf7 34. Kf4 Ke6 35. Kg4 b6 36. Kf4 c5 37. a3 cxd4 38. cxd4 b5 39. Ke3 a5 40. Kd3 h5 41. Kc3 g5 42. Kd3 h4 43. Ke3 b4 44. axb4 axb4 45. Kf3 b3 46. Kg4 b2 47. Kxg5 b1Q 48. Kxh4 Qe4+ 0-1

[Event "GRE-ch U18"]
[Site "Kavala"]
[Date "2022.05.01"]
[Round "8"]
[White "Karamichos, Michail"]
[Black "Georgiadis, Athanasios Kat"]
[Result "1-0"]
[WhiteElo "1832"]
[BlackElo "1701"]
[PlyCount "83"]
[EventDate "2022.04.26"]
[EventType "swiss"]
[EventRounds "9"]
[EventCountry "GRE"]
[SourceTitle "CBM 208 Extra"]
[Source "ChessBase"]
[SourceDate "2022.07.31"]
[SourceVersion "1"]
[SourceVersionDate "2022.07.31"]
[SourceQuality "1"]

1. d4 Nf6 2. Nf3 g6 3. Bg5 Bg7 4. Nbd2 d6 5. c3 0-0 6. e4 Nbd7 7. Bd3 e5 8. 0-0 c6 9. Re1 Qc7 10. Bf1 Re8 11. dxe5 dxe5 12. Nc4 Nc5 13. Qd6 Qxd6 14. Nxd6 Rd8 15. Rad1 Bg4 16. Bc4 Bxf3 17. gxf3 b5 18. Bxf7+ Kf8 19. b4 Na4 20. Bb3 Ke7 21. Bxa4 Rxd6 22. Rxd6 Kxd6 23. Bb3 Kc7 24. Be3 Nh5 25. Rd1 Nf4 26. Kf1 a6 27. a4 bxa4 28. Bxa4 Bf6 29. Bb3 Rd8 30. Ra1 Kb7 31. Bc4 Ra8 32. Ra5 g5 33. Bc5 Bd8 34. Ra1 Bb6 35. Bd6 Ng6 36. Ke1 a5 37. bxa5 Bxa5 38. Rb1+ Kc8 39. Be6+ Kd8 40. Kd2 Nh4 41. Rb7 Ng6 42. Rg7 1-0

[Event "GRE-ch U18"]
[Site "Kavala"]
[Date "2022.04.29"]
[Round "6"]
[White "Stefanou, Dimitrios"]
[Black "Karamichos, Michail"]
[Result "1/2-1/2"]
[WhiteElo "2219"]
[BlackElo "1832"]
[PlyCount "103"]
[EventDate "2022.04.26"]
[EventType "swiss"]
[EventRounds "9"]
[EventCountry "GRE"]
[SourceTitle "CBM 208 Extra"]
[Source "ChessBase"]
[SourceDate "2022.07.31"]
[SourceVersion "1"]
[SourceVersionDate "2022.07.31"]
[SourceQuality "1"]

1. d4 d5 2. Nf3 Nf6 3. c4 e6 4. e3 Bd6 5. b3 0-0 6. Bd3 b6 7. Nbd2 Bb7 8. Bb2 Nbd7 9. 0-0 c5 10. cxd5 exd5 11. Rc1 Qe7 12. Qe2 Ne4 13. Rfd1 Rfd8 14. Ba6 Ndf6 15. Bxb7 Qxb7 16. dxc5 bxc5 17. Nxe4 Nxe4 18. Nd2 Nxd2 19. Rxd2 Rd7 20. Rcd1 Rad8 21. Qf3 Bf8 22. h4 Qa6 23. h5 h6 24. g3 Qb7 25. Bc3 Qa6 26. Qg4 Qe6 27. Qf3 Qa6 28. Kg2 Qa3 29. Qg4 Qa6 30. Qf3 Qa3 31. Qe2 Rd6 32. Qb5 Qa6 33. Qxa6 Rxa6 34. Be5 f6 35. Bc3 Kf7 36. Kf3 Ke6 37. g4 Rd7 38. Ke2 Be7 39. f4 Kf7 40. Kf3 Ke8 41. Ke2 Bd8 42. Kf3 Rad6 43. b4 Bb6 44. bxc5 Bxc5 45. Bd4 Bxd4 46. Rxd4 Ra6 47. a4 Ke7 48. Rc1 Ra5 49. Ke2 Rb7 50. Kd3 Ke6 51. Rc6+ Kd7 52. Rc2 1/2-1/2

[Event "GRE-chT U16"]
[Site "Thessaloniki"]
[Date "2021.12.18"]
[Round "4.2"]
[White "Merkos, Thomas"]
[Black "Karamichos, Michail"]
[Result "1/2-1/2"]
[WhiteElo "1687"]
[BlackElo "1858"]
[PlyCount "77"]
[EventDate "2021.12.16"]
[EventType "team-swiss"]
[EventRounds "6"]
[EventCountry "GRE"]
[SourceTitle "CBM 205 Extra"]
[Source "ChessBase"]
[SourceDate "2022.01.31"]
[SourceVersion "1"]
[SourceVersionDate "2022.01.31"]
[SourceQuality "1"]
[WhiteTeam "Nikaia Fysiolatris"]
[BlackTeam "Galaxias"]
[WhiteTeamCountry "GRE"]
[BlackTeamCountry "GRE"]

1. e4 e5 2. Nf3 Nc6 3. d4 exd4 4. Nxd4 Bc5 5. Nb3 Bb6 6. Nc3 Nge7 7. Qe2 0-0 8. Be3 f5 9. Bxb6 axb6 10. exf5 Nxf5 11. 0-0-0 d6 12. Kb1 Re8 13. Qd2 Be6 14. g4 Nh4 15. Be2 Ne5 16. h3 Nhf3 17. Bxf3 Nxf3 18. Qf4 Rf8 19. Qe4 Ng5 20. Qxb7 Rxf2 21. Nd4 Qc8 22. Qc6 Bd7 23. Qd5+ Nf7 24. Rhf1 c6 25. Qb3 Rxf1 26. Rxf1 d5 27. Qxb6 Ne5 28. Nf5 Bxf5 29. Rxf5 Nc4 30. Qf2 Qb7 31. b3 Qb4 32. Rf3 d4 33. Ne4 Ne3 34. c3 Qa3 35. cxd4 Nd5 36. Nc5 Qb4 37. Kb2 Qa3+ 38. Kb1 Qb4 39. Kb2 1/2-1/2

[Event "GRE-chT2 48th"]
[Site "Thessaloniki"]
[Date "2021.10.08"]
[Round "5.1"]
[White "Karamichos, Michail"]
[Black "Stefanou, Dimitrios"]
[Result "0-1"]
[WhiteElo "1933"]
[BlackElo "2120"]
[PlyCount "78"]
[EventDate "2021.10.05"]
[EventType "team-swiss"]
[EventRounds "7"]
[EventCountry "GRE"]
[SourceTitle "CBM 204 Extra"]
[Source "ChessBase"]
[SourceDate "2021.11.30"]
[SourceVersion "1"]
[SourceVersionDate "2021.11.30"]
[SourceQuality "1"]
[WhiteTeam "Galaxias"]
[BlackTeam "Kavalas"]
[WhiteTeamCountry "GRE"]
[BlackTeamCountry "GRE"]

1. Nf3 Nf6 2. c4 e6 3. g3 b6 4. Bg2 Bb7 5. 0-0 c5 6. b3 Be7 7. Bb2 0-0 8. Nc3 d6 9. d4 cxd4 10. Nxd4 Bxg2 11. Kxg2 a6 12. Qd3 Ra7 13. Rfd1 Qc8 14. Rac1 Rc7 15. e3 Nbd7 16. Nf3 Qb7 17. Ne2 Rfc8 18. h4 Ne5 19. Bxe5 dxe5 20. Qc3 Ng4 21. Qb2 Rc5 22. Qd2 g6 23. Qd7 R5c7 24. Qd2 h6 25. Neg1 e4 26. Nd4 Ne5 27. f4 exf3+ 28. Ngxf3 Ng4 29. h5 Qe4 30. Re1 e5 31. hxg6 Qxg6 32. Nc2 Rd8 33. Qe2 Rcd7 34. e4 Bg5 35. Rb1 Rd2 36. Nxd2 Rxd2 37. Kf3 Rxe2 38. Rxe2 Qh5 39. Rb2 Ne3+ 0-1

[Event "GRE-ch U14"]
[Site "Patras"]
[Date "2021.09.02"]
[Round "5"]
[White "Karamichos, Michail"]
[Black "Dristellas, Neoklis"]
[Result "0-1"]
[WhiteElo "1799"]
[BlackElo "1865"]
[PlyCount "45"]
[EventDate "2021.08.30"]
[EventType "swiss"]
[EventRounds "9"]
[EventCountry "GRE"]
[SourceTitle "EXT 2022"]
[Source "ChessBase"]
[SourceDate "2021.10.06"]
[SourceVersion "1"]
[SourceVersionDate "2021.10.06"]
[SourceQuality "1"]

1. e4 c5 2. Nf3 Nc6 3. Bb5 g6 4. 0-0 Bg7 5. c3 Nf6 6. Re1 0-0 7. d4 d5 8. e5 Ne4 9. Bxc6 bxc6 10. Be3 Rb8 11. Qc1 cxd4 12. cxd4 Qb6 13. b3 f6 14. Nc3 fxe5 15. Nxe5 Nxf2 16. Bxf2 Rxf2 17. Kxf2 Qxd4+ 18. Qe3 Bxe5 19. Rad1 Qh4+ 20. Kf1 Ba6+ 21. Rd3 Bxd3+ 22. Qxd3 Rf8+ 23. Ke2 0-1